000 01064nam a2200241 i 4500
003 DO-SdBNP
005 20230418155304.0
007 ta
008 230418e1986 dr a|||gr|||| 001 u spa d
040 _aDO-SdBNP
_bspa
_cBNPHU
_erda
082 4 _222
_bM219d
245 0 0 _aDinámicas de grupos :
_bhaciendo el trabajo comunitario más divertido y profundo, con la participación de todos y todas. /
264 0 0 _aSanto Domingo :
_bCentro Poveda,
_c1986
300 _a35 páginas :
_bIlustraciones,
_c28 cm.
336 _2rdaconten
_atexto
_btxt
337 _2rdamedia
_asin medición
_bn
338 _2rdacarrier
_avolumen
_bsn
500 _aEsta publicación forma parte del Proyecto Sociedad Civil, Educación y Democracia.
505 _aPresentación
_tLas dinámicas.--
_tDinámicas de integración.--
_tDinámicas de trabajo en grupo.--
_tDinámicas de animación.--
_tDinámicas de recreación.
533 _aReimpresión con adecuaciones de la Serie "Dinámicas de Grupos".
_cEdiciones Populares.--
_d1986.-
590 _aInventariado 2023 / MF
942 _2ddc
_cLBS1
999 _c53300
_d53300